| 000 | 00940nam a2200277 4500 | ||
|---|---|---|---|
| 003 | OSt | ||
| 005 | 20260530113844.0 | ||
| 008 | 260507b2011 ne a|||| |||| 00| 0 eng d | ||
| 020 | _a9789057681608 | ||
| 020 | _a9057680440 | ||
| 040 |
_aICI _bspa _cICI |
||
| 050 | 4 |
_aTS195.4 _bR665 2011 |
|
| 100 | 1 |
_aRoojen, Pepin van _930495 |
|
| 245 | 1 | 0 |
_aStructural package designs = _bVerpackungsformgebung = Diseños de estructuras para embalajes / _cconcepto y diseño, Pepin van Roojen. |
| 246 | 1 | 1 | _aVerpackungsformgebung |
| 246 | 1 | 1 | _aDiseños de estructuras para embalajes |
| 264 | 1 |
_bThe Pepin Press, _c[2011], _aAmsterdam, The Netherlands ; |
|
| 300 |
_a495 páginas _c15cm. |
||
| 336 |
_atexto _2rdacontent |
||
| 337 |
_asin medio _2rdamedia |
||
| 338 |
_avolumen _2rdacarrier |
||
| 500 | _a"CD with templates & demo software" --Cubierta. | ||
| 650 | 4 |
_aEnvasado _xDiseño _930496 |
|
| 650 | 4 |
_aCajas _xDiseño _930497 |
|
| 942 |
_2lcc _cBK |
||
| 999 |
_c11208 _d11208 |
||